000
00306nam a2200133Ia 4500
100
_a
Schildt/ Herbert
942
_c
BK
654
_a
C:the complete reference
245
_a
C++ complete reference
260
_b
Tata Mc Graw hill
_a
Berkley
_c
1998
082
_a
5.133
_b
SCH
546
_a
ENGLISH
999
_c
24523
_d
24523